[Event "22nd ETCC Women 2019"]
[Site "Batumi"]
[Date "2019.10.30"]
[Round "6.3"]
[White "Mammadova, Gulnar"]
[Black "Girya, Olga"]
[Result "1/2-1/2"]
[WhiteElo "2369"]
[BlackElo "2476"]
[Annotator "ChessBase"]
[PlyCount "171"]
[EventDate "2019.10.24"]
[EventType "team-tourn"]
[EventCountry "GEO"]
[SourceTitle "playchess.com"]
[Source "ChessBase"]
[SourceQuality "1"]
[WhiteTeam "Azerbaijan"]
[BlackTeam "Russia"]
[WhiteTeamCountry "AZE"]
[BlackTeamCountry "RUS"]
[TimeControl "40/5400+30:1800+30"]

1. e4 {[%emt 0:00:00]} c6 {[%emt 0:00:00]} 2. d4 {[%emt 0:00:00]} d5 {[%emt 0:00:00]} 3. e5 {[%emt 0:00:00]} Bf5 {[%emt 0:00:01]} 4. Nd2 {[%emt 0:00:02]} e6 {[%emt 0:00:45]} 5. Nb3 {[%emt 0:00:17]} Nd7 {[%emt 0:00:46]} 6. Nf3 {[%emt 0:00:19]} c5 {[%emt 0:01:19]} 7. dxc5 {[%emt 0:01:42]} a6 {[%emt 0:00:10]} 8. Be2 {[%emt 0:03:40]} Bxc5 {[%emt 0:00:52]} 9. Nxc5 {[%emt 0:01:17]} Nxc5 {[%emt 0:00:08]} 10. Nd4 {[%emt 0:00:32]} Ne7 {[%emt 0:01:06]} 11. O-O {[%emt 0:01:57]} O-O {[%emt 0:00:41]} 12. c3 {[%emt 0:04:03]} Qc7 {[%emt 0:06:16]} 13. f4 {[%emt 0:03:07]} b5 {[%emt 0:07:57]} 14. Be3 {[%emt 0:03:34]} Be4 {[%emt 0:01:58]} 15. Rc1 {[%emt 0:03:42]} Rfc8 {[%emt 0:17:20]} 16. Qd2 {[%emt 0:06:36]} Qd7 {[%emt 0:02:55]} 17. b4 {[%emt 0:06:09]} Na4 {[%emt 0:02:18]} 18. Nb3 {[%emt 0:03:48]} Nf5 {[%emt 0:05:23]} 19. Nc5 {[%emt 0:02:51]} Qa7 {[%emt 0:12:37]} 20. Bf2 {[%emt 0:03:41]} Nxc5 {[%emt 0:00:11]} 21. bxc5 {[%emt 0:08:40]} Qc7 {[%emt 0:02:26]} 22. Bd3 {[%emt 0:05:40]} Qa5 {[%emt 0:03:50]} 23. g4 {[%emt 0:08:03]} Ne7 {[%emt 0:02:42]} 24. Bxe4 {[%emt 0:02:11]} dxe4 {[%emt 0:00:01]} 25. Rfe1 {[%emt 0:01:31]} Rd8 {[%emt 0:03:08]} 26. Qc2 {[%emt 0:02:36]} Rd5 {[%emt 0:04:40]} 27. Rxe4 {[%emt 0:01:51]} Nc6 {[%emt 0:01:27]} 28. Ree1 {[%emt 0:03:04]} Rad8 {[%emt 0:01:36]} 29. Rcd1 {[%emt 0:05:17]} g5 {[%emt 0:07:17]} 30. Rxd5 {[%emt 0:02:26]} Rxd5 {[%emt 0:00:02]} 31. fxg5 {[%emt 0:06:55]} Nxe5 {[%emt 0:02:42]} 32. Rd1 {[%emt 0:03:20]} Qd8 {[%emt 0:02:23]} 33. Rxd5 {[%emt 0:00:24]} Qxd5 {[%emt 0:00:02]} 34. Bd4 {[%emt 0:00:26]} Nf3+ {[%emt 0:02:06]} 35. Kf2 {[%emt 0:00:29]} Nxg5 {[%emt 0:01:08]} 36. h4 {[%emt 0:03:48]} Qf3+ {[%emt 0:05:26]} 37. Ke1 {[%emt 0:00:04]} Qh1+ {[%emt 0:00:09]} 38. Kd2 {[%emt 0:00:21]} Qxh4 {[%emt 0:02:30]} 39. Qd1 {[%emt 0:00:48]} e5 {[%emt 0:01:51]} 40. Be3 {[%emt 0:00:00]} Ne4+ {[%emt 0:00:00]} 41. Kc2 {[%emt 0:07:30]} Qh2+ {[%emt 0:09:41]} 42. Kb3 {[%emt 0:01:43]} Qh3 {[%emt 0:03:09]} 43. Qe2 {[%emt 0:03:52]} Qh1 {[%emt 0:04:59]} 44. Kb2 {[%emt 0:03:32]} Nf6 {[%emt 0:00:59]} 45. Bg5 {[%emt 0:06:44]} Nd7 {[%emt 0:01:53]} 46. Qd2 {[%emt 0:00:12]} Qc6 {[%emt 0:00:38]} 47. Be7 {[%emt 0:00:19]} f6 {[%emt 0:01:18]} 48. g5 {[%emt 0:00:29]} f5 {[%emt 0:00:39]} 49. Bd6 {[%emt 0:01:22]} Nxc5 {[%emt 0:02:18]} 50. Bxe5 {[%emt 0:01:43]} Na4+ {[%emt 0:00:31]} 51. Kc1 {[%emt 0:01:11]} Qh1+ {[%emt 0:00:05]} 52. Qd1 {[%emt 0:00:15]} Qxd1+ {[%emt 0:00:05]} 53. Kxd1 {[%emt 0:00:04]} Kf7 {[%emt 0:00:04]} 54. Kd2 {[%emt 0:01:36]} Ke6 {[%emt 0:00:58]} 55. Bd4 {[%emt 0:01:37]} Kd5 {[%emt 0:01:59]} 56. Ke3 {[%emt 0:00:28]} Nb2 {[%emt 0:00:59]} 57. Kf4 {[%emt 0:01:41]} Ke6 {[%emt 0:00:01]} 58. Kg3 {[%emt 0:00:43]} Nd3 {[%emt 0:00:46]} 59. Kh4 {[%emt 0:00:29]} Nf4 {[%emt 0:01:03]} 60. Ba7 {[%emt 0:02:10]} Kf7 {[%emt 0:02:49]} 61. Bb8 {[%emt 0:01:04]} Ne2 {[%emt 0:01:28]} 62. Kh5 {[%emt 0:00:06]} Nxc3 {[%emt 0:02:20]} 63. Kh6 {[%emt 0:00:15]} Kg8 {[%emt 0:01:44]} 64. g6 {[%emt 0:00:12]} hxg6 {[%emt 0:00:04]} 65. Kxg6 {[%emt 0:00:02]} Nxa2 {[%emt 0:00:38]} 66. Kxf5 {[%emt 0:00:02]} Kf7 {[%emt 0:00:38]} 67. Ke5 {[%emt 0:00:25]} b4 {[%emt 0:02:37]} 68. Kd5 {[%emt 0:00:25]} b3 {[%emt 0:00:38]} 69. Be5 {[%emt 0:00:05]} a5 {[%emt 0:00:27]} 70. Kc4 {[%emt 0:01:04]} a4 {[%emt 0:00:08]} 71. Bb2 {[%emt 0:00:16]} Ke6 {[%emt 0:00:38]} 72. Kb5 {[%emt 0:00:30]} Kd5 {[%emt 0:00:25]} 73. Kxa4 {[%emt 0:00:15]} Kc4 {[%emt 0:00:02]} 74. Bf6 {[%emt 0:02:07]} Nc3+ {[%emt 0:01:01]} 75. Ka3 {[%emt 0:00:05]} Nd5 {[%emt 0:00:35]} 76. Bg7 {[%emt 0:00:15]} Nf4 {[%emt 0:00:15]} 77. Kb2 {[%emt 0:00:58]} Ne6 {[%emt 0:00:03]} 78. Bf6 {[%emt 0:00:18]} Nc5 {[%emt 0:00:04]} 79. Ka3 {[%emt 0:01:12]} Kd3 {[%emt 0:00:37]} 80. Kb2 {[%emt 0:00:10]} Kc4 {[%emt 0:00:31]} 81. Ka3 {[%emt 0:00:12]} Nd3 {[%emt 0:00:01]} 82. Bg7 {[%emt 0:00:12]} Nf2 {[%emt 0:00:33]} 83. Bf6 {[%emt 0:00:35]} Nd1 {[%emt 0:00:05]} 84. Bg7 {[%emt 0:00:14]} b2 {[%emt 0:00:29]} 85. Bxb2 {[%emt 0:00:04]} Nxb2 {[%emt 0:00:02]} 86. Kxb2 {[%emt 0:00:03]} 1/2-1/2

[Event "22nd ETCC Women 2019"]
[Site "Batumi"]
[Date "2019.10.30"]
[Round "6.3"]
[White "Osmanodja, Filiz"]
[Black "Movsesian, Julia"]
[Result "1/2-1/2"]
[WhiteElo "2225"]
[BlackElo "2307"]
[Annotator "TA"]
[PlyCount "129"]
[EventDate "2019.10.24"]
[EventType "team-tourn"]
[EventCountry "GEO"]
[SourceTitle "playchess.com"]
[Source "ChessBase"]
[SourceQuality "1"]
[WhiteTeam "Germany"]
[BlackTeam "Slovakia"]
[WhiteTeamCountry "GER"]
[BlackTeamCountry "SVK"]

{[%evp 20,129,19,20,35,17,12,18,55,52,47,39,49,47,72,31,33,0,36,-137,-160,-212,-176,-360,-310,-332,-211,-205,-212,-199,-36,-160,-167,-289,-291,-212,-142,-131,-133,-122,-175,-149,-57,-53,-53,-62,-58,-122,-107,-290,-28,-28,-31,-27,-28,-27,-27,-27,-31,-31,0,0,0,0,0,0,0,0,0,0,0,0,0,0,0,0,45,46,39,0,0,-95,174,88,168,-82,-81,-2751,-2516,-29957,-29961,-29961,-29962,-29962,-29963,-29976,-29977,-29976,-29978,-29978,-29979,-29979,-29979,-29979,-29980,-29982,0,0,0,0,0,0]} 1. e4 e5 2. Nf3 Nc6 3. Bb5 a6 4. Ba4 Nf6 5. O-O Be7 6. Re1 b5 7. Bb3 O-O 8. h3 Bb7 9. d3 d6 10. a3 {[%cal Ba2a3,Ba3a4][%mdl 32]} Qd7 11. Nc3 {[%cal Bb1c3,Bc3e2,Be2g3,Bg3f5][%mdl 32]} h6 {C88: Closed Ruy Lopez: Anti-Marshall Systems} (11... Rfe8 12. Nd5 Nxd5 13. exd5 Na7 14. d4 exd4 15. Qxd4 c5 16. dxc6 Nxc6 17. Qd3 Bf6 18. Bd2 Ne5 19. Rxe5 Rxe5 20. Nxe5 Bxe5 {½-½ (47) Nakamura,H (2743)-Ding,L (2805) Saint Louis 2019}) 12. Bd2 Rfe8 13. a4 $146 ({Predecessor:} 13. Nd5 Nxd5 14. exd5 Nb8 15. d4 exd4 16. Nxd4 c5 17. dxc6 Nxc6 18. Qh5 Bg5 19. Bc3 Nxd4 20. Bxd4 Rxe1+ 21. Rxe1 Re8 22. Qxf7+ {1-0 (22) Kacharava,N (2424)-Ongut,T (2197) Skopje 2019}) 13... Nd4 14. Nxd4 exd4 15. Ne2 c5 16. Ng3 Rac8 17. axb5 axb5 18. Nf5 d5 {[%cal Rd5e4]} 19. Qf3 $2 (19. Nxe7+ $14 Rxe7 20. e5) 19... dxe4 $17 20. dxe4 (20. Qf4 $17 {is a better defense.} c4 21. dxc4 bxc4 22. Ba4) 20... c4 $36 {[%mdl 2048] Black is on the roll.} 21. Bxh6 $2 (21. Ba2 {only move.}) 21... Bf8 $1 (21... cxb3 22. Bxg7 bxc2 23. Qg3 $19) 22. Bxg7 Bxg7 23. Qg3 {[%csl Gf5][%cal Rg3g7]} Nh5 24. Qg4 Kf8 $2 (24... Qe6 $1 $19 25. Qxh5 cxb3) 25. Ba2 (25. Qxh5 $15 cxb3 26. Nxg7 Kxg7 27. Qg5+ Kf8 28. Qh6+ Ke7 29. Qh4+ Kd6 30. Qf4+ Kc6 31. cxb3) 25... Rc5 $1 $17 {...Rxe4! is the strong threat.} 26. Qxh5 (26. f3 {is the only way for White.} Rxf5 27. exf5) 26... Bxe4 $19 ({Not} 26... Rxe4 27. Rxe4 Bxe4 28. g4 $17) 27. g4 Bxf5 28. Rxe8+ Qxe8 29. gxf5 Qe4 30. Qg5 Rxf5 (30... Kg8 $1 $17 31. Qg2 Qxf5) 31. Qd8+ $15 Qe8 32. Qxe8+ $1 Kxe8 {[%mdl 4096] Endgame KRB-KRB} 33. b3 (33. Rd1 $15) 33... c3 34. b4 $2 {[#]} (34. Rd1 $17 {was called for.}) 34... Bf8 $2 (34... d3 $1 $19 {[%mdl 512] White must now prevent ...Bd4.} 35. Re1+ (35. cxd3 Bd4) 35... Kd7) 35. Rd1 $11 Rf4 36. Bd5 Kd7 37. Bg2 Bxb4 38. Bf1 Kc6 39. Rb1 Kc5 (39... d3 $5 40. Bxd3 Rd4 $15) 40. Kg2 Rf6 41. Bd3 Rb6 42. h4 Ba3 43. h5 b4 44. Rh1 Rh6 45. Kf3 b3 46. cxb3 Kb4 47. Bc2 $1 Bb2 48. Ke4 Kc5 49. Kf5 Kb4 50. Kg5 (50. f4 $11 {keeps the balance.}) 50... Rh8 $2 {[%mdl 8192]} (50... Rd6 $17 51. h6 d3) 51. h6 $18 Ka3 (51... Rc8 $16) 52. Rd1 $2 {[#]} (52. f4 $1 $18) 52... Bc1+ $1 $17 53. Rxc1 $2 {[%mdl 8192] KRB-KR} (53. f4 $17) 53... Kb2 $19 54. Rd1 Kxc2 55. Rxd4 {KR-KR} Kb2 56. Rc4 c2 57. f4 c1=Q 58. Rxc1 Kxc1 {KR-K3P} 59. b4 Kd2 60. b5 Ke3 61. b6 Ke4 62. b7 {[#]} Rb8 $2 (62... f5 $1 {mates} 63. h7 Rb8 64. Kf6 Kxf4 65. Ke6 Ke4 66. Kd6 Rh8 67. Kc6 f4 68. Kc7 Rxh7+ 69. Kb6 Rh8 70. Ka7 f3 71. b8=N f2 72. Nc6 f1=Q 73. Kb6 Qb1+ 74. Kc7 Rh7+ 75. Ne7 Rxe7+ 76. Kd8 Qb4 77. Kc8 Qb7+ 78. Kd8 Qd7#) 63. Kf6 $1 $11 {aiming for h7.The position is equal.} Rxb7 64. h7 $1 {[%cal Rh7h8]} Rb8 {( -> ...Rh8)} 65. Kxf7 {Accuracy: White = 35%, Black = 49%.} 1/2-1/2

[Event "22nd ETCC Women 2019"]
[Site "Batumi"]
[Date "2019.10.30"]
[Round "6.4"]
[White "Gunina, Valentina"]
[Black "Mamedjarova, Turkan"]
[Result "1/2-1/2"]
[WhiteElo "2509"]
[BlackElo "2314"]
[Annotator "ChessBase"]
[PlyCount "89"]
[EventDate "2019.10.24"]
[EventType "team-tourn"]
[EventCountry "GEO"]
[SourceTitle "playchess.com"]
[Source "ChessBase"]
[SourceQuality "1"]
[WhiteTeam "Russia"]
[BlackTeam "Azerbaijan"]
[WhiteTeamCountry "RUS"]
[BlackTeamCountry "AZE"]
[TimeControl "40/5400+30:1800+30"]

1. e4 {[%emt 0:00:00]} e5 {[%emt 0:00:00]} 2. Nf3 {[%emt 0:00:00]} Nc6 {[%emt 0:00:00]} 3. Bb5 {[%emt 0:00:00]} a6 {[%emt 0:00:07]} 4. Ba4 {[%emt 0:00:00]} Nf6 {[%emt 0:00:54]} 5. O-O {[%emt 0:00:29]} Be7 {[%emt 0:04:50]} 6. d3 {[%emt 0:00:52]} b5 {[%emt 0:00:31]} 7. Bb3 {[%emt 0:00:06]} d6 {[%emt 0:00:56]} 8. a4 {[%emt 0:00:52]} b4 {[%emt 0:04:14]} 9. a5 {[%emt 0:00:32]} O-O {[%emt 0:01:18]} 10. h3 {[%emt 0:00:54]} Be6 {[%emt 0:05:44]} 11. Nbd2 {[%emt 0:01:13]} Bxb3 {[%emt 0:03:01]} 12. Nxb3 {[%emt 0:00:35]} d5 {[%emt 0:03:20]} 13. Qe2 {[%emt 0:03:20]} Re8 {[%emt 0:03:09]} 14. Bg5 {[%emt 0:04:24]} h6 {[%emt 0:03:25]} 15. Bxf6 {[%emt 0:02:59]} Bxf6 {[%emt 0:00:08]} 16. Nh2 {[%emt 0:00:15]} Be7 {[%emt 0:05:42]} 17. Qf3 {[%emt 0:02:37]} dxe4 {[%emt 0:03:18]} 18. dxe4 {[%emt 0:00:24]} Nd4 {[%emt 0:01:01]} 19. Nxd4 {[%emt 0:03:28]} Qxd4 {[%emt 0:01:33]} 20. b3 {[%emt 0:00:36]} Red8 {[%emt 0:03:05]} 21. Ng4 {[%emt 0:03:33]} Bg5 {[%emt 0:13:33]} 22. Rad1 {[%emt 0:10:29]} Qc5 {[%emt 0:04:48]} 23. Rd5 {[%emt 0:00:27]} Rxd5 {[%emt 0:02:10]} 24. exd5 {[%emt 0:00:02]} Re8 {[%emt 0:01:37]} 25. Qe4 {[%emt 0:17:55]} Qxa5 {[%emt 0:03:39]} 26. Nxe5 {[%emt 0:09:14]} Qb6 {[%emt 0:11:28]} 27. Qf5 {[%emt 0:08:38]} Qf6 {[%emt 0:00:09]} 28. Qxf6 {[%emt 0:00:06]} Bxf6 {[%emt 0:00:02]} 29. Nd3 {[%emt 0:01:05]} a5 {[%emt 0:01:45]} 30. Rd1 {[%emt 0:09:22]} Re2 {[%emt 0:02:22]} 31. Ne1 {[%emt 0:02:02]} Bd4 {[%emt 0:06:48]} 32. Rxd4 {[%emt 0:01:16]} Rxe1+ {[%emt 0:00:03]} 33. Kh2 {[%emt 0:00:03]} Re5 {[%emt 0:05:09]} 34. f4 {[%emt 0:03:40]} Re2 {[%emt 0:00:06]} 35. Rc4 {[%emt 0:00:04]} Rd2 {[%emt 0:00:08]} 36. Rc5 {[%emt 0:00:02]} Kf8 {[%emt 0:00:42]} 37. Kg3 {[%emt 0:05:26]} Ke8 {[%emt 0:00:11]} 38. Kf3 {[%emt 0:02:32]} Kd7 {[%emt 0:00:25]} 39. g3 {[%emt 0:00:37]} Kd6 {[%emt 0:01:39]} 40. Rc6+ {[%emt 0:00:00]} Kd7 {[%emt 0:00:00]} 41. Rc5 {[%emt 0:05:00]} Kd6 {[%emt 0:01:26]} 42. Rc6+ {[%emt 0:03:56]} Kd7 {[%emt 0:00:45]} 43. Rc5 {[%emt 0:07:54]} Kd6 {[%emt 0:00:17]} 44. Rc6+ {[%emt 0:00:05]} Kd7 {[%emt 0:00:10]} 45. Rc5 {[%emt 0:00:12]} 1/2-1/2

[Event "22nd ETCC Women 2019"]
[Site "Batumi"]
[Date "2019.10.30"]
[Round "6.4"]
[White "Cibickova, Zuzana"]
[Black "Muetsch, Annmarie"]
[Result "0-1"]
[WhiteElo "2258"]
[BlackElo "2266"]
[Annotator "NA"]
[PlyCount "116"]
[EventDate "2019.10.24"]
[EventType "team-tourn"]
[EventCountry "GEO"]
[SourceTitle "playchess.com"]
[Source "ChessBase"]
[SourceQuality "1"]
[WhiteTeam "Slovakia"]
[BlackTeam "Germany"]
[WhiteTeamCountry "SVK"]
[BlackTeamCountry "GER"]
[TimeControl "40/5400+30:1800+30"]

1. e4 {[%emt 0:00:00]} c5 {[%emt 0:00:00]} 2. Nf3 {[%emt 0:00:00]} e6 {[%emt 0:00:00]} 3. d4 {[%emt 0:00:00]} cxd4 {[%emt 0:00:00]} 4. Nxd4 {[%emt 0:00:00]} Nc6 {[%emt 0:00:00]} 5. Nc3 {[%emt 0:00:00]} Qc7 {[%emt 0:00:09]} 6. Be3 {[%emt 0:00:08]} a6 {[%emt 0:00:07]} 7. Qf3 {[%emt 0:00:22]} Bd6 {[%emt 0:00:17]} 8. O-O-O {[%emt 0:02:32]} Be5 {[%emt 0:00:15]} 9. g3 {[%emt 0:00:35]} Nge7 {[%emt 0:00:22]} 10. Qe2 {[%emt 0:00:15]} b5 {[%emt 0:01:04]} 11. Qd2 {[%emt 0:01:36]} Bb7 {[%emt 0:33:50]} 12. f4 {[%emt 0:15:43]} Bxd4 {[%emt 0:00:17]} 13. Bxd4 {[%emt 0:00:04]} Nxd4 {[%emt 0:01:32]} 14. Qxd4 {[%emt 0:00:07]} f6 {[%emt 0:02:05]} 15. Bxb5 {[%emt 0:19:07]} axb5 {[%emt 0:08:30]} 16. Nxb5 {[%emt 0:00:02]} Qc6 {[%emt 0:00:22]} 17. Nd6+ {[%emt 0:08:33]} Kf8 {[%emt 0:00:06]} 18. Nxb7 {[%emt 0:02:02]} Qxb7 {[%emt 0:00:06]} 19. Qxd7 {[%emt 0:00:09]} Qxd7 {[%emt 0:01:20]} 20. Rxd7 {[%emt 0:00:02]} Rxa2 {[%emt 0:03:05]} 21. Rd8+ {[%emt 0:02:27]} Kf7 {[%emt 0:00:06]} 22. Rxh8 {[%emt 0:00:06]} Ra1+ {[%emt 0:00:03]} 23. Kd2 {[%emt 0:00:06]} Rxh1 {[%emt 0:00:06]} 24. Rxh7 {[%emt 0:06:05]} Kg8 {[%emt 0:01:53]} 25. Rh5 {[%emt 0:02:17]} g6 {[%emt 0:02:31]} 26. Rh3 {[%emt 0:03:36]} f5 {[%emt 0:08:51]} 27. exf5 {[%emt 0:02:33]} exf5 {[%emt 0:00:19]} 28. Kd3 {[%emt 0:04:40]} Rd1+ {[%emt 0:16:00]} 29. Kc4 {[%emt 0:04:06]} Rd2 {[%emt 0:03:13]} 30. Kc3 {[%emt 0:00:08]} Rg2 {[%emt 0:00:16]} 31. b3 {[%emt 0:06:33]} Kg7 {[%emt 0:03:19]} 32. Kd3 {[%emt 0:03:45]} Nd5 {[%emt 0:05:58]} 33. c4 {[%emt 0:09:37]} Nf6 {[%emt 0:03:57]} 34. Kc3 {[%emt 0:00:13]} Ne4+ {[%emt 0:01:11]} 35. Kb4 {[%emt 0:00:11]} Rc2 {[%emt 0:01:44]} 36. Rh4 {[%emt 0:03:18]} Nf2 {[%emt 0:01:05]} 37. Kb5 {[%emt 0:01:17]} Nd3 {[%emt 0:00:29]} 38. Ka5 {[%emt 0:05:24]} Rc3 {[%emt 0:02:09]} 39. Ka4 {[%emt 0:00:59]} Nc1 {[%emt 0:00:17]} 40. g4 {[%emt 0:00:00]} Rxb3 {[%emt 0:00:00]} 41. gxf5 {[%emt 0:01:53]} gxf5 {[%emt 0:06:22]} 42. c5 {[%emt 0:05:41]} Rb8 {[%emt 0:03:57]} 43. Rh3 {[%emt 0:05:14]} Ne2 {[%emt 0:02:09]} 44. Re3 {[%emt 0:01:36]} Nd4 {[%emt 0:00:50]} 45. Rd3 {[%emt 0:03:49]} Ne6 {[%emt 0:03:31]} 46. Rd7+ {[%emt 0:10:54]} Kf6 {[%emt 0:00:08]} 47. Rd6 {[%emt 0:00:06]} Ke7 {[%emt 0:00:15]} 48. Rd5 {[%emt 0:00:17]} Rf8 {[%emt 0:01:29]} 49. c6 {[%emt 0:01:51]} Nxf4 {[%emt 0:01:03]} 50. Rd1 {[%emt 0:01:25]} Ne6 {[%emt 0:09:23]} 51. Kb5 {[%emt 0:00:06]} f4 {[%emt 0:01:35]} 52. Kb6 {[%emt 0:01:12]} f3 {[%emt 0:01:33]} 53. Rf1 {[%emt 0:01:54]} f2 {[%emt 0:00:22]} 54. h4 {[%emt 0:00:15]} Rf5 {[%emt 0:04:37]} 55. c7 {[%emt 0:00:59]} Kd7 {[%emt 0:01:32]} 56. c8=Q+ {[%emt 0:01:34]} Kxc8 {[%emt 0:00:05]} 57. Kc6 {[%emt 0:00:22]} Ng7 {[%emt 0:00:23]} 58. Kd6 {[%emt 0:00:25]} Kd8 {[%emt 0:00:05]} 0-1

[Event "22nd ETCC Women 2019"]
[Site "Batumi"]
[Date "2019.10.30"]
[Round "6.5"]
[White "Eric, Jovana"]
[Black "Dzagnidze, Nana"]
[Result "0-1"]
[WhiteElo "2285"]
[BlackElo "2502"]
[Annotator "ChessBase"]
[PlyCount "172"]
[EventDate "2019.10.24"]
[EventType "team-tourn"]
[EventCountry "GEO"]
[SourceTitle "playchess.com"]
[Source "ChessBase"]
[SourceQuality "1"]
[WhiteTeam "Serbia"]
[BlackTeam "Georgia"]
[WhiteTeamCountry "SRB"]
[BlackTeamCountry "GEO"]
[TimeControl "40/5400+30:1800+30"]

1. e4 {[%emt 0:00:00]} c5 {[%emt 0:00:00]} 2. Nf3 {[%emt 0:00:00]} e6 {[%emt 0:00:00]} 3. g3 {[%emt 0:00:04]} Nc6 {[%emt 0:02:43]} 4. Bg2 {[%emt 0:00:56]} Nf6 {[%emt 0:01:04]} 5. Qe2 {[%emt 0:00:46]} Be7 {[%emt 0:06:21]} 6. O-O {[%emt 0:01:34]} O-O {[%emt 0:04:15]} 7. c3 {[%emt 0:01:39]} b6 {[%emt 0:02:01]} 8. d4 {[%emt 0:07:32]} cxd4 {[%emt 0:05:30]} 9. Nxd4 {[%emt 0:04:08]} Bb7 {[%emt 0:00:17]} 10. Rd1 {[%emt 0:03:26]} Rc8 {[%emt 0:10:49]} 11. Nxc6 {[%emt 0:08:03]} Bxc6 {[%emt 0:00:13]} 12. c4 {[%emt 0:00:17]} Qc7 {[%emt 0:03:02]} 13. Nc3 {[%emt 0:00:17]} d6 {[%emt 0:11:01]} 14. b3 {[%emt 0:04:43]} a6 {[%emt 0:01:53]} 15. Bb2 {[%emt 0:01:53]} Rfe8 {[%emt 0:07:36]} 16. Rac1 {[%emt 0:11:55]} Qb8 {[%emt 0:00:31]} 17. a4 {[%emt 0:01:50]} Nd7 {[%emt 0:02:55]} 18. Ba1 {[%emt 0:18:26]} Nc5 {[%emt 0:01:49]} 19. Rb1 {[%emt 0:01:20]} Bf6 {[%emt 0:02:41]} 20. f4 {[%emt 0:03:47]} Red8 {[%emt 0:12:54]} 21. h4 {[%emt 0:07:15]} a5 {[%emt 0:10:29]} 22. h5 {[%emt 0:01:40]} h6 {[%emt 0:00:25]} 23. Kh2 {[%emt 0:05:19]} Qb7 {[%emt 0:00:38]} 24. Re1 {[%emt 0:00:50]} Qa8 {[%emt 0:05:12]} 25. Qe3 {[%emt 0:01:55]} Re8 {[%emt 0:00:15]} 26. Nb5 {[%emt 0:03:52]} Bxa1 {[%emt 0:00:23]} 27. Rxa1 {[%emt 0:00:04]} Bxb5 {[%emt 0:04:32]} 28. axb5 {[%emt 0:00:08]} Qb8 {[%emt 0:00:02]} 29. Qc3 {[%emt 0:02:25]} Qc7 {[%emt 0:00:11]} 30. Red1 {[%emt 0:02:22]} Qe7 {[%emt 0:00:09]} 31. Ra2 {[%emt 0:01:15]} Red8 {[%emt 0:01:11]} 32. Rad2 {[%emt 0:01:23]} Rd7 {[%emt 0:00:11]} 33. Kg1 {[%emt 0:01:53]} Rcd8 {[%emt 0:00:29]} 34. b4 {[%emt 0:00:56]} axb4 {[%emt 0:00:07]} 35. Qxb4 {[%emt 0:00:05]} e5 {[%emt 0:00:20]} 36. Qb1 {[%emt 0:02:28]} exf4 {[%emt 0:02:16]} 37. gxf4 {[%emt 0:00:05]} Qh4 {[%emt 0:00:05]} 38. f5 Qxh5 {[%emt 0:02:24]} 39. e5 {[%emt 0:01:42]} dxe5 40. Rxd7 {[%emt 0:00:00]} Rxd7 {[%emt 0:00:00]} 41. Rxd7 {[%emt 0:00:19]} Nxd7 {[%emt 0:00:43]} 42. Qd3 Nc5 {[%emt 0:04:10]} 43. Qd8+ {[%emt 0:00:30]} Kh7 44. Qxb6 Qd1+ {[%emt 0:00:47]} 45. Kh2 {[%emt 0:01:55]} Qd4 {[%emt 0:00:08]} 46. Qc7 {[%emt 0:12:03]} Nd3 {[%emt 0:12:14]} 47. Qxf7 Qh4+ {[%emt 0:00:09]} 48. Kg1 {[%emt 0:00:57]} Qf2+ 49. Kh2 {[%emt 0:03:17]} Nf4 {[%emt 0:01:14]} 50. Qb7 Ne2 51. Qe4 {[%emt 0:06:01]} Qg3+ {[%emt 0:09:13]} 52. Kh1 {[%emt 0:00:06]} Qe1+ {[%emt 0:00:05]} 53. Kh2 {[%emt 0:00:00]} Qg1+ {[%emt 0:00:37]} 54. Kh3 {[%emt 0:00:41]} Nf4+ {[%emt 0:05:27]} 55. Kg3 Nh5+ {[%emt 0:00:11]} 56. Kf3 {[%emt 0:02:14]} Qd1+ {[%emt 0:01:46]} 57. Qe2 Qd4 {[%emt 0:00:16]} 58. Qe3 {[%emt 0:04:31]} Qxc4 {[%emt 0:00:21]} 59. b6 Nf6 60. Qxe5 {[%emt 0:01:55]} Qc6+ {[%emt 0:00:48]} 61. Kg3 {[%emt 0:00:42]} Qxb6 {[%emt 0:00:05]} 62. Bf3 {[%emt 0:00:28]} Qg1+ {[%emt 0:00:19]} 63. Bg2 {[%emt 0:00:19]} Qc1 64. Bf3 {[%emt 0:00:54]} Qd2 {[%emt 0:00:48]} 65. Qe6 {[%emt 0:01:50]} Qg5+ 66. Kf2 {[%emt 0:00:44]} Qf4 {[%emt 0:00:48]} 67. Ke2 h5 {[%emt 0:00:17]} 68. Bc6 {[%emt 0:03:04]} Kh6 {[%emt 0:01:34]} 69. Qc8 {[%emt 0:01:25]} Kg5 {[%emt 0:02:00]} 70. Qb7 {[%emt 0:01:19]} Kxf5 {[%emt 0:00:32]} 71. Bf3 {[%emt 0:00:35]} Kg6 {[%emt 0:01:57]} 72. Qb1+ {[%emt 0:00:19]} Kh6 {[%emt 0:00:08]} 73. Qb6 {[%emt 0:00:28]} Qe5+ {[%emt 0:00:59]} 74. Kf2 {[%emt 0:00:29]} g6 {[%emt 0:00:46]} 75. Qd8 {[%emt 0:00:33]} Qf4 {[%emt 0:00:52]} 76. Qf8+ {[%emt 0:00:44]} Kg5 {[%emt 0:00:02]} 77. Qe7 {[%emt 0:00:58]} Qd4+ {[%emt 0:00:29]} 78. Kg2 {[%emt 0:00:20]} Kf5 {[%emt 0:00:17]} 79. Qe2 {[%emt 0:00:32]} Nd5 {[%emt 0:01:08]} 80. Qc2+ {[%emt 0:00:34]} Kg5 {[%emt 0:00:30]} 81. Kh1 {[%emt 0:00:47]} Ne3 {[%emt 0:00:25]} 82. Qe2 {[%emt 0:00:28]} Qh4+ {[%emt 0:00:44]} 83. Kg1 {[%emt 0:00:09]} Qg3+ {[%emt 0:00:06]} 84. Kh1 {[%emt 0:00:06]} Kf4 {[%emt 0:00:25]} 85. Bc6 {[%emt 0:00:28]} Qh3+ {[%emt 0:01:07]} 86. Kg1 {[%emt 0:00:03]} Qg4+ {[%emt 0:00:07]} 0-1